Taylor Songs Mashup - Statistics

General Stats
  • This quiz has been taken 5 times
  • The average score is 25 of 38
Answer Stats
% Correct
a baby coming home all i
100%
everything has changed the rules every
100%
i might get on the phone
100%
i'm drunk in the back of
100%
in a big old city and
100%
me thats my whole world they
100%
the car and i cried like
100%
the only thing that keeps me
100%
the song in the car i
100%
you know why you switched your
100%
your house and the road not
100%
all you're ever gonna be is
80%
and this song is to let
80%
and i couldn't give a reason
80%
bad bad girl but i do
80%
bad things to you so it
80%
it always leads to you in
80%
my hometown skeptics called it champagne
80%
day wondering which version of you
60%
for the teardrops on my guitar
60%
for the rest of my life
60%
I've been breaking hearts a long
60%
know is you held the door
60%
mean someday I'll be using for
60%
of me betty i was riding
60%
problems you had a speech you're
60%
speechless love slipped beyond your reaches
60%
time coming but it's you and
60%
whisper in the hallway shes a
60%
goes
40%
on my skateboard when i passed
40%
you'll be mine and i'll be
40%
homeroom but i think it's cause
20%
taken looks real good now and
20%
wishing on a wishing star he's
20%
yours all i know since yesterday
20%
don't know someday i'll be living
0%
tonight and i stopped picking up
0%
No matching quizzes found
Score Distribution
Percent of People with Each Score
Percentile by Number Answered
Your Score History
You have not taken this quiz